Notas sobre la marginalidad urbana (El caso de Costa Rica) /

Uloženo v:
Podrobná bibliografie
Hlavní autor: Farah, Ivonne
Další autoři: Herrera Castro, Liliana, Costa, Raimundo N, Santos
Médium: Text
Vydáno: México, D.F. :
Tagy: Přidat tag
Žádné tagy, Buďte první, kdo vytvoří štítek k tomuto záznamu!

MARC

LEADER 00000 a a2200000 04500
001 19175
003
040
090 |a 018900  
100 |a Farah, Ivonne  
245 |a Notas sobre la marginalidad urbana (El caso de Costa Rica) /  |c Ivonne Farah 
260 |a México, D.F. :  
300 |a 23 p.  
700 |a Herrera Castro, Liliana  
700 |a Costa, Raimundo N, Santos  
999 |c 4609  |d 4609